000 00245nam a2200097Ia 4500
008 230915s9999 xx 000 0 und d
050 _aQD79.I5S56 C.1
100 _aDOUGLAS A. SKOOG
245 0 _aPRINCIPLES OF INSTRUMENTAL ANALYSIS
942 _cBK
999 _c190289
_d190289